| 000 | 00970nam a2200253 i 4500 | ||
|---|---|---|---|
| 001 | 59656 | ||
| 003 | ES-MaACL | ||
| 005 | 20250827022415.0 | ||
| 007 | t| | ||
| 008 | 031030s1973 sp ||||1| spa d | ||
| 020 | _a84-7088-096-9 | ||
| 080 | _a351.712.553(460) | ||
| 100 | 1 |
_aEnríquez de Salamanca, Luis María. _947287 |
|
| 245 | 1 | 0 |
_aNaturaleza y alcance de la expropiación por razón de urbanismo / _cLuis M. Enríquez de de Salamanca ; prólogo, José Antonio García-Trevijano Fos. |
| 260 |
_aMadrid : _bInstituto de Estudios de Administración Local, _c1973. |
||
| 300 |
_a230 p. ; _c21 cm. |
||
| 490 | 1 | _aEstudios de administración general | |
| 650 | 4 |
_aExpropiación urbanística. _9174548 |
|
| 700 | 1 |
_aGarcía-Trevijano Fos, José Antonio. _955343 |
|
| 710 | 2 |
_aInstituto de Estudios de Administración Local (España) _94893 |
|
| 830 | 1 |
_aEstudios de administración general _9230526 |
|
| 852 | 4 |
_aES-MaACL _jC-51997 |
|
| 999 |
_c59656 _d59656 |
||